00932 2200193 4500245006000000020002200060250001100082100001700093700002700110650001300137650002300150005001900173260004000192041001400232084000800246300002800254500044700282336000900729 aMenjaga Asa di Tengah Badai PandemicSyaiful HudahText a978-623-241-847-9 aCet. 1 aSyaiful Huda aR. B. E. Agung Nugroho aCovid-19 aKumpulan Peristiwa a20241014103352 aJakartabPenerbit Buku Kompasc2021 aIndonesia a904 aviii, 206 hlm. :cilus. aBuku ini merupakan bagian dari ikhtiar Syaiful Huda dalam memperbaiki layanan penyelenggaraan pendidikan di Tanah Air yang memang menjadi salah satu kewajiban dari pemerintah. Catatan-catatan kecilnya tentang ikhtiar menjaga layanan pendidikan di masa pandemi, komitemennya untuk berupaya mendorong kesejahteraan guru, mengawal program "Merdeka Belajar" hingga sumbang saran terhadap berbagai dinamika penyelenggaraan pendidikan di Tanah Air. atext